000 00691nam a22001577a 4500
003 JO-AjAnu
005 20240907115800.0
008 240330b jo ||||| |||| 00| 0 ara d
040 _aJO-AjAnu
_cANU
111 _aالأجناس الادبية في النثر العربي القديم:بحوث محكمة
_965182
245 _aمؤتمر الأجناس الأدبية في النثر العربي القديم : بحوث محكمة
260 _aعمان :
_bمنشورات مجمع اللغة العربية الأردني،
_c2022
300 _a537 ورقة
611 _xالأدب العربي-الأعمال الأدبية-النقد الأدبي-المغرب
942 _2lcc
_cREF
_n0
999 _c33373
_d33373